| 000 | 00709cam a2200241 a 4500 | ||
|---|---|---|---|
| 001 | 000014598 | ||
| 005 | 20200929163856.0 | ||
| 008 | 940812s1993 sp a 000 0 spa | ||
| 020 | _a8420627534 | ||
| 035 | _a(DLC) 94195889 | ||
| 040 |
_aDO-SdBNP _cDLC |
||
| 082 |
_a306 _bM915f |
||
| 100 | 1 |
_aMosterín, Jesus, _q1941- _933052 |
|
| 245 | 1 | 0 |
_aFilosofía de la cultura / _cJesús Mosterín. |
| 260 |
_aMadrid : _bAlianza, _c1993. |
||
| 300 |
_a179 p. : _bil. ; _c21 cm. |
||
| 490 | 1 |
_aAlianza universidad _v753 |
|
| 500 | _aPrimera reimpresión, 1994. | ||
| 650 | 4 |
_aFilosofía de la cultura _933053 |
|
| 830 | 0 |
_aAlianza universidad ; _v753 _932127 |
|
| 910 | _aCatalogación derivada | ||
| 049 | _aBNGR | ||
| 999 |
_c14184 _d14184 |
||